|
|
|
|
| LEADER |
00000nam2a2200000 4500 |
| 001 |
245310 |
| 005 |
20231101232122.0 |
| 035 |
|
|
|a (RuTPU)RU\TPU\book\266716
|
| 090 |
|
|
|a 245310
|
| 100 |
|
|
|a 20131107d1961 k y0rusy50 ca
|
| 101 |
0 |
|
|a rus
|
| 102 |
|
|
|a RU
|
| 105 |
|
|
|a a z 000zy
|
| 200 |
0 |
|
|a Ч. 1 : Двгатель ЗИЛ-157
|
| 210 |
|
|
|d 1961
|
| 215 |
|
|
|a 118 с.
|c черт.
|
| 461 |
|
1 |
|0 (RuTPU)RU\TPU\book\266896
|t Альбом рабочих чертежей основных деталей и узлов автомобиля ЗИЛ-157
|f Центральный научно-исследовательский институт механизации и энергетики лесной промышленности (ЦНИИМЭ) ; сост. Н. С. Решетников
|v Ч. 1 : Двгатель ЗИЛ-157
|d 1961-
|
| 606 |
1 |
|
|a Автомобили
|x ЗИЛ
|2 stltpush
|3 (RuTPU)RU\TPU\subj\982
|9 29785
|
| 610 |
1 |
|
|a грузовые автомобили
|
| 610 |
1 |
|
|a чертежи
|
| 610 |
1 |
|
|a детали
|
| 610 |
1 |
|
|a узлы
|
| 610 |
1 |
|
|a автомобильные двигатели
|
| 675 |
|
|
|a 629.114.4
|v 3
|
| 801 |
|
1 |
|a RU
|b 63413507
|c 20131107
|
| 801 |
|
2 |
|a RU
|b 63413507
|c 20131112
|g RCR
|
| 942 |
|
|
|c BK
|